Neel Kamal (Record no. 19850)

MARC details
000 -LEADER
fixed length control field 03063ngm a2200481 4500
003 - CONTROL NUMBER IDENTIFIER
control field dpl
005 - DATE AND TIME OF LATEST TRANSACTION
control field 20081215152123.0
007 - PHYSICAL DESCRIPTION FIXED FIELD--GENERAL INFORMATION
fixed length control field DVD
008 - FIXED-LENGTH DATA ELEMENTS--GENERAL INFORMATION
fixed length control field ||||||sp199 xxu|||||c ||| 00| 0 ng d
010 ## - LIBRARY OF CONGRESS CONTROL NUMBER
LC control number DVD-001497-1499 & DVD-005037-5042
024 ## - OTHER STANDARD IDENTIFIER
Standard number or code SHE DVD 583
Terms of availability 169.00
035 ## - SYSTEM CONTROL NUMBER
System control number DVD-001497-1499
035 ## - SYSTEM CONTROL NUMBER
System control number DVD-005037-5042
040 ## - CATALOGING SOURCE
Original cataloging agency DPL
Transcribing agency DPL
082 ## - DEWEY DECIMAL CLASSIFICATION NUMBER
Classification number DVD / NEEL
245 ## - TITLE STATEMENT
Title Neel Kamal
Statement of responsibility, etc Kalpanalok Presents
Medium [videorecording] DVD/
260 ## - PUBLICATION, DISTRIBUTION, ETC. (IMPRINT)
Name of publisher, distributor, etc Shemaroo Video Pvt. Ltd.
300 ## - PHYSICAL DESCRIPTION
Extent 1 videodisc DVD; (178 min.) :
Other physical details sd., col. ;
Dimensions 4 3/4 in.
Type of unit DVD
440 ## - SERIES STATEMENT/ADDED ENTRY--TITLE
Title Shemaroo Home Entertainment
500 ## - GENERAL NOTE
General note Digitally Re-Mastered From the Original Film
500 ## - GENERAL NOTE
General note Filmfare Award Winner Best Actoress : Waheeda Rehman
538 ## - SYSTEM DETAILS NOTE
System details note Dolby Digital 5.1 - Hindi Subtitles: English
538 ## - SYSTEM DETAILS NOTE
System details note Anamorphic Wide Screen Format, Presented 2:35.1 Aspect Ratio Enhancaead for 16:9 Wide Screen
650 ## - SUBJECT ADDED ENTRY--TOPICAL TERM
Topical term or geographic name as entry element Motion Picture
700 ## - ADDED ENTRY--PERSONAL NAME
Personal name Maheshwari, Ram
700 ## - ADDED ENTRY--PERSONAL NAME
Personal name Ravi
700 ## - ADDED ENTRY--PERSONAL NAME
Personal name Raj Kumar
700 ## - ADDED ENTRY--PERSONAL NAME
Personal name Waheeda Rehman
700 ## - ADDED ENTRY--PERSONAL NAME
Personal name Manoj Kumar
700 ## - ADDED ENTRY--PERSONAL NAME
Personal name Shani, Balraj
942 ## - ADDED ENTRY ELEMENTS (KOHA)
Koha item type CD-ROMs, DVDs, VHS
Source of classification or shelving scheme Dewey Decimal Classification
Classification part DVD
Call number suffix NEEL
Holdings
Withdrawn status Lost status Source of classification or shelving scheme Damaged status Not for loan Home library Current library Date acquired Source of acquisition Cost, normal purchase price Total Checkouts Total Renewals Full call number Barcode Date last seen Date checked out Copy number Cost, replacement price Price effective from Koha item type
    Dewey Decimal Classification     Central Library Central Library 15/12/2008 Purchase 169.00 36 2 DVD NEEL DVD-001497 09/06/2014 11/04/2014 1 169.00 15/12/2008 CD-ROMs, DVDs, VHS
    Dewey Decimal Classification     Janak Puri Janak Puri 26/11/2009 Pioneers/885/29-10-09/325/13-10-09 /06-11-09 169.00 13 2 DVD NEEL DVD-005037 15/05/2013 04/05/2013 1 169.00 26/11/2009 CD-ROMs, DVDs, VHS
    Dewey Decimal Classification     Karol Bagh Karol Bagh 26/11/2009 Pioneers/885/29-10-09/325/13-10-09 /06-11-09 169.00 8   DVD NEEL DVD-005040 11/12/2012 27/11/2012 1 169.00 26/11/2009 CD-ROMs, DVDs, VHS
    Dewey Decimal Classification     Narela Narela 26/11/2009 Pioneers/885/29-10-09/325/13-10-09 /06-11-09 169.00 6   DVD NEEL DVD-005041 19/03/2012 18/03/2012 1 169.00 26/11/2009 CD-ROMs, DVDs, VHS
    Dewey Decimal Classification     Patel Nagar Patel Nagar 15/12/2008 Purchase 169.00 19   DVD NEEL DVD-001499 11/03/2014 03/03/2014 1 169.00 15/12/2008 CD-ROMs, DVDs, VHS
    Dewey Decimal Classification     R.K.Puram-8 R.K.Puram-8 26/11/2009 Pioneers/885/29-10-09/325/13-10-09 /06-11-09 169.00 2   DVD NEEL DVD-005038 15/03/2014 08/03/2014 1 169.00 26/11/2009 CD-ROMs, DVDs, VHS
    Dewey Decimal Classification     Sarojini Nagar Sarojini Nagar 15/12/2008 Purchase 169.00 29 1 DVD NEEL DVD-001498 29/01/2015 19/01/2015 1 169.00 15/12/2008 CD-ROMs, DVDs, VHS
    Dewey Decimal Classification     Shahdara Branch Shahdara Branch 26/11/2009 Pioneers/885/29-10-09/325/13-10-09 /06-11-09 169.00     DVD NEEL DVD-005042 26/11/2009   1 169.00 26/11/2009 CD-ROMs, DVDs, VHS
    Dewey Decimal Classification     Vinoba Puri Vinoba Puri 26/11/2009 Pioneers/885/29-10-09/325/13-10-09 /06-11-09 169.00 5   DVD NEEL DVD-005039 12/09/2013 23/08/2013 1 169.00 26/11/2009 CD-ROMs, DVDs, VHS

© Delhi Public Library
Hit Counter
free hit counter